000 00704cam a2200193 a 4500
001 000044136
005 20201002045154.0
008 820402s1980 ch a 000 0 spa d
040 _aDO-SdBNP
_bspa
_cBNPHU
082 _axxx
_bxxxx
100 1 _aPinochet Ugarte, Augusto,
_d1915-2006.
_927568
245 1 3 _aEl día decisivo :
_b11 de septiembre de 1973 /
_cA. Pinochet U.
260 _aSantiago de Chile :
_bEmpresa Peridística La Nación,
_c1980.
300 _a279 p. :
_bil. ;
_c24 cm.
600 1 4 _aPINOCHET UGARTE, AUGUSTO
_xENTREVISTAS
_941066
651 4 _aChile
_xHistoria
_y1973.
_941067
651 4 _aChile
_xPolítica Y Gobierno
_y1970-1973.
_941068
650 4 _aPresidentes
_zChile
_xEntrevistas
_941069
999 _c43625
_d43625